000 00292nam a22001337a 4500
008 180109b xxu||||| |||| 00| 0 eng d
020 _a9780312482848
041 _aeng
080 _23 ED
_a37
100 _a46
101 _aEDU
245 _aREAL ESSAYS
_cGALLAGHER.E.S
942 _2udc
_cBK
999 _c39841
_d39841